Hay Day: Alle anbaubaren Pflanzen (Feldfrüchte, Bäume & Sträucher) - Statistiken

Allgemein
  • Dieses Quiz wurde 28 mal gespielt
  • Das Durchschnittsergebnis liegt bei 19 aus 54
Antwortstatistiken
Antwort % Korrekt
Apfel
96%
Weizen
88%
Himbeere
81%
Mais
81%
Karotte
77%
Erdbeere
73%
Tomate
69%
Banane
65%
Brombeere
65%
Kürbis
65%
Blaubeere
62%
Kakao
62%
Kirsche
58%
Sojabohne
58%
Kartoffel
54%
Orange
54%
Zuckerrohr
54%
Zitrone
50%
Gurke
42%
Indigo
38%
Kohl
38%
Pfirsich
38%
Ananas
35%
Baumwolle
35%
Reis
35%
Salat
35%
Zwiebel
35%
Chili
31%
Pflaume
31%
Spargel
31%
Olive
27%
Sonnenblume
27%
Paprika
23%
Aubergine
19%
Kaffeebohne
19%
Lilie
19%
Knoblauch
15%
Mango
15%
Sesam
15%
Granatapfel
12%
Hafer
12%
Kokosnuss
12%
Pilz
12%
Trauben
12%
Wassermelone
12%
Ingwer
8%
Rote Bete
8%
Brokkoli
4%
Guave
4%
Kichererbse
4%
Minze
4%
Passionsfrucht
0%
Pfingstrose
0%
Teeblatt
0%
Keine übereinstimmenden Quizze gefunden
Verteilung der Resultate
Anzahl Personen mit jedem Resultat
Perzentil nach korrekt beantworteten Fragen
Ihre Resultats-Entwicklung
Sie haben dieses Quiz noch nicht gespielt